| Tag |
First Indicator |
Second Indicator |
Subfields |
| LEADER |
00000cem a2200000Ia 4500 |
| 001 |
in00002781284 |
| 005 |
20150922104925.0 |
| 007 |
aj canzn |
| 008 |
850418s1976 txu a 1 eng d |
| 034 |
0 |
|
|a a
|
| 035 |
|
|
|a (OCoLC)ocm11935879
|
| 035 |
|
|
|a (OCoLC)11935879
|
| 040 |
|
|
|a OKX
|c OKX
|d OCL
|d OCLCQ
|d TXA
|d UtOrBLW
|
| 043 |
|
|
|a n-us-tx
|
| 049 |
|
|
|a TXAM
|
| 090 |
|
|
|a G4034.C4 1976
|b .A2
|
| 110 |
2 |
|
|a A.I.D. Associates.
|
| 245 |
1 |
0 |
|a City of Childress /
|c prepared and printed by A.I.D. Associates, Inc.
|
| 246 |
1 |
|
|i Panel title:
|a City map of Childress Texas : welcome.
|
| 255 |
|
|
|a Scale not given.
|
| 264 |
|
1 |
|a Dallas, Tex. :
|b A.I.D.,
|c 1976.
|
| 300 |
|
|
|a 1 map :
|b color ;
|c 31 x 37 cm.
|
| 336 |
|
|
|a cartographic image
|b cri
|2 rdacontent
|
| 337 |
|
|
|a unmediated
|b n
|2 rdamedia
|
| 338 |
|
|
|a sheet
|b nb
|2 rdacarrier
|
| 500 |
|
|
|a Includes text, index, and ill.
|
| 500 |
|
|
|a Verso: Childress County.
|
| 500 |
|
|
|a Cartographic material.
|
| 651 |
|
0 |
|a Childress (Tex.)
|v Maps.
|
| 651 |
|
0 |
|a Childress County (Tex.)
|v Maps.
|
| 948 |
|
|
|a cataloged
|b h
|c 2012/8/1
|d c
|e jgreene
|f 12:01:33 pm
|
| 994 |
|
|
|a C0
|b TXA
|
| 999 |
|
|
|a MARS
|
| 999 |
f |
f |
|s b1ee64b1-6c72-3845-ac53-490cd13d5aac
|i 7051edb3-a483-3de2-919a-c9981c8acb2f
|t 0
|
| 952 |
f |
f |
|p normal
|a Texas A&M University
|b College Station
|c Sterling C. Evans Library
|d Evans: Maps (2nd floor)
|t 0
|e G4034.C4 1976 .A2
|h Library of Congress classification
|i unmediated -- sheet
|m A14841100581
|
| 952 |
f |
f |
|p normal
|a Texas A&M University
|b College Station
|c Sterling C. Evans Library
|d Evans: Maps (2nd floor)
|t 0
|e G4034.C4 1976 .A2
|h Library of Congress classification
|i unmediated -- sheet
|m A14841100620
|
| 998 |
f |
f |
|a G4034.C4 1976 .A2
|t 0
|l Evans: Maps (2nd floor)
|
| 998 |
f |
f |
|a G4034.C4 1976 .A2
|t 0
|l Evans: Maps (2nd floor)
|